Cloud Computing And Virtualization (Record no. 216109)
[ view plain ]
| 000 -LEADER | |
|---|---|
| fixed length control field | 00473nam a2200169Ia 4500 |
| 008 - FIXED-LENGTH DATA ELEMENTS--GENERAL INFORMATION | |
| fixed length control field | 230714s9999 xx 000 0 und d |
| 020 ## - INTERNATIONAL STANDARD BOOK NUMBER | |
| International Standard Book Number | 9790000000000 |
| 041 ## - LANGUAGE CODE | |
| Language code of text/sound track or separate title | eng |
| 082 ## - DEWEY DECIMAL CLASSIFICATION NUMBER | |
| Classification number | 006.7'8 |
| Item number | RAO |
| 100 ## - MAIN ENTRY--PERSONAL NAME | |
| Personal name | Rao R.R. |
| 9 (RLIN) | 198013 |
| 245 ## - TITLE STATEMENT | |
| Title | Cloud Computing And Virtualization |
| 260 ## - PUBLICATION, DISTRIBUTION, ETC. (IMPRINT) | |
| Date of publication, distribution, etc. | 2014 |
| Name of publisher, distributor, etc. | BS Publications |
| 300 ## - PHYSICAL DESCRIPTION | |
| Extent | 257 |
| 365 ## - TRADE PRICE | |
| Currency code | Rs. |
| Price amount | 250.00 |
| 700 ## - ADDED ENTRY--PERSONAL NAME | |
| Personal name | Rao R.R. & Ramaiah V.S. |
| 9 (RLIN) | 198014 |
| 906 ## - LOCAL DATA ELEMENT F, LDF (RLIN) | |
| d | O:0469203-Oct-2015B:IN 125927-Aug-2015 |
| c | IT |
| b | 562.5 |
No items available.